00358nam a2200133Ia 4500008004100000020001500041041001200056082001100068100001700079245006400096250001100160260003600171650001700207221030s9999 xx 000 0 und d a8178088924 aEnglish a105.23 aI. H. Shames 0aEngineering Mechanics : Statics & Dynamicscby I. H. Shames aFourth bPearson EducationaDelhic2003 aBB Mechanics